Painting in the Punjab plains 1849-1949 (Record no. 11386)
[ view plain ]
| 000 -LEADER | |
|---|---|
| fixed length control field | 00487nam a2200181Ia 4500 |
| 005 - DATE AND TIME OF LATEST TRANSACTION | |
| control field | 20250908114730.0 |
| 008 - FIXED-LENGTH DATA ELEMENTS--GENERAL INFORMATION | |
| fixed length control field | 231207s9999 xx 000 0 und d |
| 020 ## - INTERNATIONAL STANDARD BOOK NUMBER | |
| International Standard Book Number | 9690014269 |
| 040 ## - CATALOGING SOURCE | |
| Transcribing agency | PK-LaNCA |
| 082 ## - DEWEY DECIMAL CLASSIFICATION NUMBER | |
| Classification number | 759.954 |
| Item number | HAS |
| 100 ## - MAIN ENTRY--PERSONAL NAME | |
| Author Name | Musarrat Hasan |
| 245 #0 - TITLE STATEMENT | |
| Title | Painting in the Punjab plains 1849-1949 |
| Statement of responsibility, etc. | Musarrat Hasan |
| 260 ## - PUBLICATION, DISTRIBUTION, ETC. | |
| Name of publisher, distributor, etc. | Ferozsons |
| Place of publication, distribution, etc. | Lahore |
| Date of publication, distribution, etc. | 1998 |
| 300 ## - PHYSICAL DESCRIPTION | |
| Pages | 268p |
| Other physical details | ill |
| 546 ## - LANGUAGE NOTE | |
| Language note | English |
| 650 ## - SUBJECT ADDED ENTRY--TOPICAL TERM | |
| Subject | Painter, Pakistan., Painters, Indian. |
| 942 ## - ADDED ENTRY ELEMENTS (KOHA) | |
| Koha item type | MA Visual Arts |
| 999 ## - | |
| -- | 11386 |
| -- | 11386 |
| Withdrawn status | Weedout from Library | Permanent Location | Current Location | Shelving location | Date acquired | Full call number | Barcode | Price effective from | Koha item type |
|---|---|---|---|---|---|---|---|---|---|
| NATIONAL COLLEGE OF ARTS, LAHORE - LIBRARY | NATIONAL COLLEGE OF ARTS, LAHORE - LIBRARY | M.A Visual Art Section Library Basement | 08/12/2023 | 759.954 HAS 15213 | 15213 | 08/12/2023 | MA Visual Arts |